| 000 | 00553nam a2200193 i 4500 | ||
|---|---|---|---|
| 001 | 130407 | ||
| 003 | ES-MaACL | ||
| 005 | 20230906193731.0 | ||
| 007 | t| | ||
| 008 | 070727s1972 sp ||||1| spa d | ||
| 100 | 1 |
_aZamora Vicente, Alonso. _9117952 |
|
| 245 | 1 | 0 |
_aA traque barraque / _cAlonso Zamora Vicente. |
| 260 |
_aMadrid : _bAlfaguara, _c[1972] |
||
| 300 |
_a318 p. ; _c21 cm. |
||
| 490 | 1 |
_aAlfaguara literaria ; _v32 |
|
| 830 | 0 |
_aAlfaguara literaria ; _v32 _9181400 |
|
| 852 |
_aES-MaACL _jC-43804 _bR.83077 |
||
| 999 |
_c130407 _d130407 |
||